01687cam a22004097a 4500003000500000005001700005008004100022010001000063011001000073035001100083040000900094090001000103100005100113245021700164260004300381300003100424502009300455590003700548590004100585590004100626590004100667590004100708590004200749650002600791650003600817650002400853650004500877650004800922650003700970650003101007901000701038905002601045942001001071949005101081999001701132952012801149CHAP20220329142835.0040622d2003 mx a r 00110 spa d a88562 a89534 a100085 cCHAP aTesis00aSánchez Urdaneta, Adriana Beatríz.910789510aEfectos del potencial de agua en el crecimiento radical de plántulas C3, C4 y MAC, y de la temperatura en la germinación de semilla de Agave salmiana Otto ex Salm-Dyckc/por Adriana Beatriz Sánchez Urdaneta aMontecillo, Méx. :bEl autor,c2003. a164 h. :bilus. ; gráfs. aTesis (Dra. en Ciencias) -- C.P. Instituto de Recursos Naturales. Programa de Botánica aALEPHb10c20130110lUCH01h1459 aBATCH-UPDb10c20130110lUCH01h0559 aBATCH-UPDb10c20130110lUCH01h2248 aBATCH-UPDb10c20130410lUCH01h0240 aBATCH-UPDb10c20130913lUCH01h2002 aCONVERSIONb10c20130109lUCH01h134914aAgave salmiana.9110614aPlantasxAgua requerida.98879014aPlántulas.98919314aRelación agua - suelo - planta.99582514aRelación atmósfera-suelo-planta.99582614aSemillasxGerminación.910390314aSuelos y cultivos.9110571 aBK aAlejandra Carrasco M. cTESIS aTesisbBCcTESd1000851eTS1h42200i100085sb c88562d88562 00102local4051708TESISaBCbBCcPA_TESISd2019-12-31fTESISl0oTesisp1000851r2019-12-31 00:00:00w2019-12-31yTESIS